[Event "Penang op-A 9th"]
[Site "Penang"]
[Date "2017.12.05"]
[Round "2"]
[White "Harivardhini, I."]
[Black "Sharma, Dinesh Kumar"]
[Result "0-1"]
[WhiteElo "1750"]
[BlackElo "2252"]
[PlyCount "73"]
[EventDate "2017.12.04"]
[EventType "swiss"]
[EventRounds "9"]
[EventCountry "MAS"]
[SourceTitle "CBM 182 Extra"]
[Source "ChessBase"]
[SourceDate "2018.02.23"]
[SourceVersion "1"]
[SourceVersionDate "2018.02.23"]
[SourceQuality "1"]

1. e4 e6 2. d4 d5 3. exd5 exd5 4. Bd3 Nc6 5. Ne2 Bg4 6. c3 Qd7 7. Qc2 Bd6 8. f3 Be6 9. Bf4 Nge7 10. Nd2 Bf5 11. Nf1 Bxd3 12. Qxd3 0-0-0 13. 0-0-0 Qf5 14. Bxd6 Rxd6 15. Nfg3 Qg5+ 16. Qd2 Qxd2+ 17. Kxd2 h5 18. h4 Rf6 19. Nc1 Nd8 20. Nd3 Ne6 21. Ne5 Ng6 22. Rde1 Nxe5 23. Rxe5 Rg6 24. Nxh5 Rxg2+ 25. Kc1 c6 26. f4 Nd8 27. Rg5 Rxg5 28. hxg5 Ne6 29. g6 fxg6 30. Re1 Kd7 31. Ng3 Nxf4 32. Rf1 g5 33. Nf5 Rf8 34. Ne3 Nd3+ 35. Kc2 Rxf1 36. Nxf1 Nf2 37. Ng3 0-1

[Event "IND-ch Challengers (Women) 43rd"]
[Site "Chennai"]
[Date "2016.06.22"]
[Round "8"]
[White "Harivardhini, I."]
[Black "Poorna, Sri MK"]
[Result "1-0"]
[WhiteElo "1714"]
[BlackElo "1420"]
[PlyCount "61"]
[EventDate "2016.06.17"]
[EventType "swiss"]
[EventRounds "11"]
[EventCountry "IND"]
[SourceTitle "CBM 173 Extra"]
[Source "ChessBase"]
[SourceDate "2016.08.29"]
[SourceVersion "1"]
[SourceVersionDate "2016.08.29"]
[SourceQuality "1"]

1. e4 e5 2. Nf3 Nc6 3. Bc4 Be7 4. d4 exd4 5. c3 Na5 6. Qxd4 Nxc4 7. Qxc4 d6 8. e5 d5 9. Qd3 f6 10. 0-0 fxe5 11. Nxe5 Nf6 12. Bf4 0-0 13. Bg3 Ne4 14. Nd2 Bf5 15. Nxe4 Bxe4 16. Qb5 Qc8 17. Qb3 c6 18. Rfe1 Bc5 19. Rxe4 Bxf2+ 20. Bxf2 Rxf2 21. Kxf2 Qf5+ 22. Nf3 Qxe4 23. Re1 Qf4 24. Qxb7 Rb8 25. Qxc6 Rxb2+ 26. Kg1 h6 27. Qxd5+ Kh7 28. Qd3+ Kg8 29. Re8+ Kf7 30. Ne5+ Kf6 31. Qg6# 1-0

[Event "IND-ch Challengers (Women) 43rd"]
[Site "Chennai"]
[Date "2016.06.20"]
[Round "6"]
[White "Harivardhini, I."]
[Black "Isha, Sharma"]
[Result "1/2-1/2"]
[WhiteElo "1714"]
[BlackElo "1864"]
[PlyCount "92"]
[EventDate "2016.06.17"]
[EventType "swiss"]
[EventRounds "11"]
[EventCountry "IND"]
[SourceTitle "CBM 173 Extra"]
[Source "ChessBase"]
[SourceDate "2016.08.29"]
[SourceVersion "1"]
[SourceVersionDate "2016.08.29"]
[SourceQuality "1"]

1. e4 e5 2. Nf3 Nc6 3. Bc4 Nf6 4. 0-0 Bc5 5. d4 Bxd4 6. Nxd4 Nxd4 7. f4 d6 8. fxe5 dxe5 9. Bg5 Be6 10. Na3 Qe7 11. c3 Nc6 12. Bxe6 Qxe6 13. Bxf6 gxf6 14. Qd3 a6 15. Nc4 Rg8 16. Ne3 Ne7 17. Rf3 Rd8 18. Qe2 Kd7 19. Qf2 Rg6 20. Rf1 Qb6 21. Kh1 Rdg8 22. b4 Rh6 23. a4 Rgg6 24. Rd1+ Ke8 25. Qd2 Qd6 26. Qxd6 cxd6 27. Rxd6 Rh4 28. Kg1 Rxe4 29. Rb6 f5 30. Rxb7 f4 31. Nf1 Nf5 32. Nd2 Re2 33. Rf2 Rxf2 34. Kxf2 Ne3 35. g3 fxg3+ 36. hxg3 Nd1+ 37. Kf3 Nxc3 38. a5 h5 39. Nc4 e4+ 40. Kf2 Nd5 41. Rb8+ Ke7 42. Rb7+ Ke6 43. b5 axb5 44. a6 Rg8 45. Rxb5 Nc7 46. Re5+ Kd7 1/2-1/2

[Event "IND-ch Challengers (Women) 43rd"]
[Site "Chennai"]
[Date "2016.06.18"]
[Round "2"]
[White "Harivardhini, I."]
[Black "Singh, Neha"]
[Result "1/2-1/2"]
[WhiteElo "1714"]
[BlackElo "1968"]
[PlyCount "91"]
[EventDate "2016.06.17"]
[EventType "swiss"]
[EventRounds "11"]
[EventCountry "IND"]
[SourceTitle "EXT 2017"]
[Source "ChessBase"]
[SourceDate "2016.10.25"]
[SourceVersion "1"]
[SourceVersionDate "2016.10.25"]
[SourceQuality "1"]

1. e4 e5 2. Nf3 Nc6 3. Bc4 Nf6 4. d3 Be7 5. c3 d6 6. h3 h6 7. Bb3 0-0 8. 0-0 Be6 9. Bxe6 fxe6 10. Qb3 Qc8 11. Re1 Nh5 12. d4 exd4 13. cxd4 Nd8 14. Nc3 b6 15. Be3 c5 16. Rad1 Nf4 17. Bxf4 Rxf4 18. dxc5 bxc5 19. Nb5 Qb8 20. Qd3 Nf7 21. b3 Qb6 22. Na3 Rd8 23. Qe3 e5 24. Nc4 Qa6 25. Qd3 Qb7 26. g3 Rf6 27. Nh4 Ng5 28. Kg2 Rdf8 29. Re2 Ne6 30. Kg1 Nd4 31. Red2 g5 32. Nf5 Rxf5 33. exf5 e4 34. Qe3 d5 35. Ne5 Rxf5 36. Ng4 Kh7 37. Rxd4 cxd4 38. Qxd4 Qc6 39. Ne3 Bc5 40. Qc3 Rf6 41. Rc1 d4 42. Qxc5 Qxc5 43. Rxc5 dxe3 44. Rc2 Kg6 45. Re2 exf2+ 46. Rxf2 1/2-1/2